000 01405cam a2200313 a 4500
999 _c30383
_d30383
001 14468799
005 20190520123000.0
008 060726s2007 enka b 001 0 eng
010 _a 2006023667
020 _a1847201180 (hardcover)
020 _a9781847201188 (hardcover)
035 _a(OCoLC)ocm70718259
035 _a(OCoLC)70718259
040 _aDLC
_cDLC
_dBAKER
_dBWKUK
_dBTCTA
_dDLC
043 _af-sa---
050 0 0 _aHD5842.A6
_bE47 2007
082 0 0 _a331.12/042
_222
100 _aPollin, Robert
245 0 3 _aAn employment-targeted economic program for South Africa /
_cRobert Pollin ... [et al.].
260 _aCheltenham, UK ;
_aNorthampton, MA :
_bEdward Elgar,
_cc2007.
300 _axxxii, 204 p. :
_bill. ;
_c24 cm.
500 _a"Country study supported by the International Poverty Centre of the United Nations Development Program."
504 _aIncludes bibliographical references (p. 185-193) and index.
650 0 _aFull employment policies
_zSouth Africa.
650 0 _aUnemployment
_zSouth Africa.
700 1 _aEpstein, Gerald A.
700 1 _aHeintz, James
856 4 1 _3Table of contents only
_uhttp://www.loc.gov/catdir/toc/ecip0617/2006023667.html
906 _a7
_bcbc
_corignew
_d1
_eecip
_f20
_gy-gencatlg
942 _2lcc
_cBOOKS
_hHD5842.A6E47 2007